| 000 | 00415nam a2200157Ia 4500 | ||
|---|---|---|---|
| 008 | 230917s9999||||xx |||||||||||||| ||und|| | ||
| 040 |
_e215264 _aMAIN |
||
| 041 | _aEnglish | ||
| 082 | _a547.2 C237M(4) | ||
| 100 | _aCarruthers, William | ||
| 245 | 0 | _aModern methods of organic synthesis | |
| 250 | _a4th. ed. | ||
| 260 |
_aCambridge _bCambridge University Press _c2005 |
||
| 300 | _axii p. ; 493 | ||
| 942 | _cBK | ||
| 999 |
_c178902 _d178902 |
||